MARC details
| 000 -LEADER |
| fixed length control field |
05056cam a22004338a 4500 |
| 001 - CONTROL NUMBER |
| control field |
8041802 |
| 003 - CONTROL NUMBER IDENTIFIER |
| control field |
ARRUPE |
| 005 - DATE AND TIME OF LATEST TRANSACTION |
| control field |
20141105180600.0 |
| 008 - FIXED-LENGTH DATA ELEMENTS--GENERAL INFORMATION |
| fixed length control field |
100507s2010 nyu b 001 0 eng |
| 010 ## - LIBRARY OF CONGRESS CONTROL NUMBER |
| LC control number |
2010019086 |
| 020 ## - INTERNATIONAL STANDARD BOOK NUMBER |
| International Standard Book Number |
9780393071627 (hardcover) |
| 020 ## - INTERNATIONAL STANDARD BOOK NUMBER |
| International Standard Book Number |
0393071626 (hardcover) |
| 020 ## - INTERNATIONAL STANDARD BOOK NUMBER |
| International Standard Book Number |
9780393340525 (paperback) |
| 024 ## - OTHER STANDARD IDENTIFIER |
| Standard number or code |
40018360723 |
| 035 ## - SYSTEM CONTROL NUMBER |
| System control number |
(OCoLC)ocn601094356 |
| 035 ## - SYSTEM CONTROL NUMBER |
| System control number |
(OCoLC)601094356 |
| 035 ## - SYSTEM CONTROL NUMBER |
| System control number |
(NNC)8041802 |
| 040 ## - CATALOGING SOURCE |
| Original cataloging agency |
DLC |
| Transcribing agency |
DLC |
| Modifying agency |
BTCTA |
| -- |
UKM |
| -- |
YDXCP |
| -- |
UPZ |
| -- |
ZPX |
| -- |
OrLoB-B |
| 050 00 - LIBRARY OF CONGRESS CALL NUMBER |
| Classification number |
HM836 |
| Item number |
.A67 2010 |
| 082 00 - DEWEY DECIMAL CLASSIFICATION NUMBER |
| Classification number |
303.48/409 |
| Edition number |
22 |
| 300 ## - PHYSICAL DESCRIPTION |
| Dimensions |
22 cm. |
| 100 1# - MAIN ENTRY--PERSONAL NAME |
| Personal name |
Appiah, Anthony. |
| 9 (RLIN) |
12440 |
| 245 14 - TITLE STATEMENT |
| Title |
The honor code : |
| Remainder of title |
how moral revolutions happen / |
| Statement of responsibility, etc |
Kwame Anthony Appiah. |
| 250 ## - EDITION STATEMENT |
| Edition statement |
1st ed. |
| 260 ## - PUBLICATION, DISTRIBUTION, ETC. (IMPRINT) |
| Place of publication, distribution, etc |
New York : |
| Name of publisher, distributor, etc |
W.W. Norton, |
| Date of publication, distribution, etc |
2010. |
| 300 ## - PHYSICAL DESCRIPTION |
| Extent |
xix, 264 p. ; |
| 504 ## - BIBLIOGRAPHY, ETC. NOTE |
| Bibliography, etc |
Includes bibliographical references and index. |
| 505 00 - FORMATTED CONTENTS NOTE |
| Miscellaneous information |
One. |
| Title |
The Duel Dies -- |
| Miscellaneous information |
Two. |
| Title |
Freeing Chinese Feet -- |
| Miscellaneous information |
Three. |
| Title |
Suppressing Atlantic Slavery -- |
| Miscellaneous information |
Four. |
| Title |
Wars Against Women -- |
| Miscellaneous information |
Five. |
| Title |
Lessons And Legacies. |
| 520 1# - SUMMARY, ETC. |
| Summary, etc |
""What causes moral progress? In this brilliant book, Kwame Anthony Appiah casts light on the role played by honor. This classical concept can be a lodestar in guiding us to a better future. It's an amazing and fascinating insight. This is an indispensable book for both moral philosophers and honorable citizens."---Walter Isaacson, author of Einstein: His Life and Universe" ""How stimulating it is to read the remarkable research of a brilliant mind into the concept of honor as the origin of morality as we know it, practiced or not! With fluency of argument and erudition, Appiah charts how history, philosophy, and psychology in action are sustained by patterns of behavior and feeling. This book is essential for us---inescapable in its urgent relevance to the embattled human morality we live within our codes of the present."---Nadine Gordimer, author of Telling Times" ""Appiah lays out a concept that is not only compelling in its own right but also suggests a connection that may in time help to collate biological and cultural exploration of human morality."---Edward O. Wilson, author of Sociobiology" ""Kwame Anthony Appiah's recent work has explored a scandalously neglected area of ethical theory: what motivates us to do the right thing? This book offers an important contribution to this area, by looking at honor codes---another neglected zone....A deeply insightful exposition of the dangers, the potential, and the (perhaps) ineradicable role of the human sense of honor."---Charles Taylor, author of A Secular Age" "How does moral progress happen? How are societies brought to repudiate immoral customs they have long accepted? In the Honor Code, Kwame Anthony Appiah explores a long-neglected engine of refom. Examining moral revolutions in the past---and campaigns against abhorrent practices today---he shows that appeals to reason, morality, or religion aren't enough to ring in reform. Practices are eradicated only when they come into conflict with honor." "In gripping detail, Appiah begins his work with a portrait of the often-deadly world of aristocratic Britain, where for centuries gentlemen challenged each other to duels. Recounting one of the last significant duels in that world---between a British prime minister and an eccentric earl---Appiah shows a society at the precipice of abrupt change. Turning to the other side of the world. Appiah investigates the end of footbinding in China. The practice had flourished for a thousand years, despite imperial attempts at prohibition, yet was extinguised in a generation. Appiah brings to life this imposing edicts from above but from harnessing the ancient power of honor from within." "In even more intricate ways, Appiah demonstrates ideas of honor that helped drive one of history's most significant moral revolutions---the fast-forming social consensus that led to the abolition of slavery throughout the British Empire and recruited ordinary men and women to the cause. Yet his interest isn't just historical. Appiah considers the horrifying persistence of "honor killing" in places like Pakistan, despite religious and moral condemnation, and the prospects for bringing it to an end by mobilizing a sense of collective honor---and of shame." "With a storyteller's flair and a philosopher's rigor. Appiah presents a new approach toward moral inquiry. Ranging from a great mandarin's abandonment of an ancient Chinese tradition to Frederick Douglass's meetings with abolitionist leaders in London. The Honor Code reveals how moral revolutions really succeed."--BOOK JACKET. |
| 650 #0 - SUBJECT ADDED ENTRY--TOPICAL TERM |
| Topical term or geographic name as entry element |
Social change |
| General subdivision |
History. |
| 9 (RLIN) |
12441 |
| 650 #0 - SUBJECT ADDED ENTRY--TOPICAL TERM |
| Topical term or geographic name as entry element |
Social change |
| General subdivision |
Moral and ethical aspects. |
| 9 (RLIN) |
12442 |
| 650 #0 - SUBJECT ADDED ENTRY--TOPICAL TERM |
| Topical term or geographic name as entry element |
Honor |
| General subdivision |
Social aspects |
| -- |
History. |
| 9 (RLIN) |
12443 |
| 650 #0 - SUBJECT ADDED ENTRY--TOPICAL TERM |
| Topical term or geographic name as entry element |
Social ethics. |
| 9 (RLIN) |
12444 |
| 900 ## - EQUIVALENCE OR CROSS-REFERENCE-PERSONAL NAME [LOCAL, CANADA] |
| Numeration |
TOC |
| 942 ## - ADDED ENTRY ELEMENTS (KOHA) |
| Source of classification or shelving scheme |
Library of Congress Classification |
| Koha item type |
Monograph ( Printed materials) |
| 948 1# - LOCAL PROCESSING INFORMATION (OCLC); SERIES PART DESIGNATOR (RLIN) |
| Series part designator, SPT (RLIN) |
20101122 |
| b (OCLC) |
c |
| c (OCLC) |
sl13 |
| d (OCLC) |
MPS |
| 948 2# - LOCAL PROCESSING INFORMATION (OCLC); SERIES PART DESIGNATOR (RLIN) |
| Series part designator, SPT (RLIN) |
20110210 |
| b (OCLC) |
a |
| c (OCLC) |
vt2130 |
| d (OCLC) |
MPS |
| 948 2# - LOCAL PROCESSING INFORMATION (OCLC); SERIES PART DESIGNATOR (RLIN) |
| Series part designator, SPT (RLIN) |
20120822 |
| b (OCLC) |
a |
| c (OCLC) |
rad1 |
| d (OCLC) |
MPS |